¿Seguiremos siendo amigos? / (Registro nro. 11831)

Detalles MARC
000 -LEADER
fixed length control field 01159nam a22004337a 4500
001 - CONTROL NUMBER
control field 000649
003 - CONTROL NUMBER IDENTIFIER
control field DO-SdBNP
005 - DATE AND TIME OF LATEST TRANSACTION
control field 20180208113401.0
007 - PHYSICAL DESCRIPTION FIXED FIELD--GENERAL INFORMATION
fixed length control field 000649
008 - FIXED-LENGTH DATA ELEMENTS--GENERAL INFORMATION
fixed length control field 161108b 2007 sp a ||||| |||| 00| 0 spa d
010 ## - LIBRARY OF CONGRESS CONTROL NUMBER
LC control number
020 ## - INTERNATIONAL STANDARD BOOK NUMBER
International Standard Book Number 9789702901853
040 ## - CATALOGING SOURCE
Original cataloging agency BPMSU
Transcribing agency spa
Modifying agency BPMSU
042 ## - AUTHENTICATION CODE
Authentication code
050 ## - LIBRARY OF CONGRESS CALL NUMBER
Classification number
Item number
100 1# - MAIN ENTRY--PERSONAL NAME
Personal name Danziger, Paula,
Dates associated with a name 1944-
245 10 - TITLE STATEMENT
Title ¿Seguiremos siendo amigos? /
Statement of responsibility, etc. Paula Danziger ; traducción de Javier Franco ; ilustraciones de Tony Ross.
246 ## - VARYING FORM OF TITLE
Title proper/short title
Remainder of title
250 ## - EDITION STATEMENT
Edition statement 6ª reimp.
260 ## - PUBLICATION, DISTRIBUTION, ETC. (IMPRINT)
Place of publication, distribution, etc. México :
Name of publisher, distributor, etc. Alfaguara,
Date of publication, distribution, etc. 2007.
300 ## - PHYSICAL DESCRIPTION
Extent 84 p. :
Other physical details il ;
Dimensions 20 cm.
490 1# - SERIES STATEMENT
Series statement Alfaguara infantil
500 ## - GENERAL NOTE
General note Incluye datos de la autora
500 ## - GENERAL NOTE
General note Para niños a partir de los 8 años.
500 ## - GENERAL NOTE
General note Sexta reimpresión: mayo de 2007
520 ## - SUMMARY, ETC.
Summary, etc.
650 #1 - SUBJECT ADDED ENTRY--TOPICAL TERM
Topical term or geographic name as entry element
General subdivision
650 ## - SUBJECT ADDED ENTRY--TOPICAL TERM
Topical term or geographic name as entry element
General subdivision
650 ## - SUBJECT ADDED ENTRY--TOPICAL TERM
Topical term or geographic name as entry element
General subdivision
700 12 - ADDED ENTRY--PERSONAL NAME
Personal name Ross, Tony,
Relator term il.
700 12 - ADDED ENTRY--PERSONAL NAME
Personal name Franco, Javier,
Relator term tr.
830 #0 - SERIES ADDED ENTRY--UNIFORM TITLE
Uniform title Alfaguara infantil
856 42 - ELECTRONIC LOCATION AND ACCESS
Materials specified
Uniform Resource Identifier <a href=" "> </a>
856 42 - ELECTRONIC LOCATION AND ACCESS
Materials specified
Uniform Resource Identifier <a href=" "> </a>
942 ## - ADDED ENTRY ELEMENTS (KOHA)
Source of classification or shelving scheme Dewey Decimal Classification
Koha item type Libros
945 ## - LOCAL PROCESSING INFORMATION (OCLC)
a Inventariado, 2018 /LP
956 ## - LOCAL ELECTRONIC LOCATION AND ACCESS (OCLC)
Host name LOPEREZ
Access number 10
Compression information 20161108
Processor of request BPMSU
Existencias
Withdrawn status Lost status Source of classification or shelving scheme Damaged status Not for loan Collection code Home library Current library Date acquired Source of acquisition Total Checkouts Barcode Date last seen Price effective from Koha item type
    Dewey Decimal Classification     Colección Infantil General Biblioteca Pública Metropolitana Salomé Ureña Biblioteca Pública Metropolitana Salomé Ureña 11/08/2016 FUNDI   BPMSU16110158 11/08/2016 11/08/2016 Libros